إنفاق الأسرة المصرية علي التعليم / الجهاز المركزى للتعبئة العامة والإحصاء.
Պահպանված է:
| Հիմնական հեղինակ: | |
|---|---|
| Համատեղ հեղինակ: | |
| Ձևաչափ: | Թեզիս Գիրք |
| Լեզու: | անգլերեն |
| Հրապարակվել է: |
القاهرة
الجهاز المركزى للتعبئة العامة والإحصاء.
2018
|
| Խորագրեր: | |
| Ցուցիչներ: |
Ավելացրեք ցուցիչ
Չկան պիտակներ, Եղեք առաջինը, ով նշում է այս գրառումը!
|
MARC
| LEADER | 00000nam a22000007a 4500 | ||
|---|---|---|---|
| 003 | INP | ||
| 005 | 20210802115742.0 | ||
| 008 | 210228b xxu||||| |||| 00| 0 eng d | ||
| 952 | |0 0 |1 0 |4 0 |6 312_200000000000000 |7 0 |9 20872 |a INP |b INP |c MAIN |d 2021-02-28 |l 0 |o 312.2 |p 021937 |r 2022-03-28 00:00:00 |w 2021-02-28 |y PUB |0 0 | ||
| 952 | |0 0 |1 0 |4 0 |6 312_200000000000000 |7 0 |9 20873 |a INP |b INP |c JOUR |d 2021-02-28 |l 0 |o 312.2 |r 2021-02-28 00:00:00 |w 2021-02-28 |y PUB | ||
| 999 | |c 16904 |d 16904 | ||
| 040 | |a EG-INP |b ara |c EG-INP | ||
| 082 | |2 21 |a 338.9 | ||
| 100 | |a الجهاز المركزى للتعبئة العامة والإحصاء. | ||
| 245 | |a إنفاق الأسرة المصرية علي التعليم / |b الجهاز المركزى للتعبئة العامة والإحصاء. | ||
| 260 | |a القاهرة |b الجهاز المركزى للتعبئة العامة والإحصاء. |c 2018 | ||
| 300 | |a مج. : |b ايض. ؛ |c 29 سم | ||
| 310 | |a سنوى | ||
| 502 | |a مرجع رقم 2018/13003/72 | ||
| 504 | |a بني الوصف 2018 |b إصدار يوليو2020 | ||
| 505 | |a وادركآ من الجهاز بأهمية البحث تم إعداد بعض الدراسات التحليلية لبيانات بحث عام 2017/2018 للتعرف علي مستويات وأنماط الإنفاق الإستهلاكي ومدى إختلافها طبقآ لإختلاف الخصائص الاقتصادية والإجتماعية والديموجرافية للسكان ومعرفة متوسط الإنفاق الإستهلاكي السنوى للأسرة والفرد لكل من بنود الإنفاق المختلفة ودراسة العوامل المؤثرة عليه. | ||
| 650 | |2 qrmak |a التعليم |v احصائيات | ||
| 650 | |2 qrmak |a الانفاق | ||
| 650 | |2 qrmak |a الاحصائيات السكانية | ||
| 651 | |2 qrmak |a مصر | ||
| 710 | |a الجهاز المركزي للتعبئة العامة والإحصاء. | ||
| 901 | |a egpv34 | ||
| 902 | |a egpv34 | ||
| 903 | |a original | ||
| 942 | |2 ddc |c PUB | ||